LEADER 00940cam0 2200253 450 001 E600200030428 005 20210617084934.0 100 $a20071016d1986 |||||ita|0103 ba 101 $aita 102 $aIT 200 1 $aDa Aquileia a Venezia$euna mediazione tra l'Europa e l'Oriente dal 2. secolo a. C. al 6. secolo d. C.$fBruna Forleti Tamaro ... [et al.] 210 $aMilano$cGarzanti$cScheiwiller$d1986 215 $a771 p.$cill.$d29 cm + [1] carta di tav. 41 x 52 cm ripiegata a 26 cm 225 2 $aAntica madre 410 1$1001LAEC00024019$12001 $a*Antica madre 801 0$aIT$bUNISOB$c20210617$gRICA 850 $aUNISOB 852 $aUNISOB$j900|Coll|22|K$m46915 912 $aE600200030428 940 $aM 102 Monografia moderna SBN 941 $aM 957 $a900|Coll|22|K$b000006$gSi$d46915$1pregresso1$2UNISOB$3UNISOB$420071016141002.0$520210617084934.0$6rovito 996 $aDa Aquileia a Venezia$9145082 997 $aUNISOB LEADER 01119cam1 22002771 450 001 SOBE00047047 005 20250404073203.0 100 $a20150505d1811 |||||ita|0103 ba 101 $aita 102 $aIT 200 1 $aPrincipi di scienza nuova di Giambattista Vico d'intorno alla comune natura delle nazioni. Colla vita dell'autore scritta da lui medesimo. Volume 1. [-3] 210 $ain Napoli$ca spese di Francesco d'Amico$d1811 215 $a3 v. in 1$d8º 300 $aSul front. dei v. 1-3 : presso Gaetano Eboli 463 1$1001SOBE00047051$12000 $a1 463 1$1001SOBE00047054$12000 $a2 463 1$1001SOBE00047055$12000 $a3 700 1$aVico$b, Giambattista$3AF00006785$4070$0151876 702 1$aD'Amico, Francesco$3SOBA00011120$4070 702 1$aEboli, Gaetano$3SOBA00011119$4070 801 0$aIT$bUNISOB$c20250404$gRICA 912 $aSOBE00047047 940 $aM 103 Monografia antica SBN 941 $aM 996 $aPrincipi di scienza nuova di Giambattista Vico d'intorno alla comune natura delle nazioni. Colla vita dell'autore scritta da lui medesimo. Volume 1.$91709082 997 $aUNISOB